| 000 | 00870nam a2200265 a 4500 | ||
|---|---|---|---|
| 999 |
_c11395 _d11395 |
||
| 001 | 11395 | ||
| 003 | BD-JhCC | ||
| 005 | 20190921091858.0 | ||
| 008 | 190911b20092017ii a|||| ||a| 001 0 ben d | ||
| 020 | _a9788177568554 | ||
| 035 | _a(BD-JhCC)11395 | ||
| 040 |
_aBD-JhCC _dBD-JhCC |
||
| 041 | _aben | ||
| 082 |
_bSIN 2017 _a954.9092 |
||
| 100 | _aসিংহ, যশোবন্ত | ||
| 245 |
_aজিন্না: _bভারত দেশভাগ স্বাধীনতা / _cযশোবন্ত সিংহ । |
||
| 260 |
_aকলকাতা: _bআনন্দ; _c২০১৭. |
||
| 300 |
_a৪৬২ পৃ. : _bill; _c২৪ সেমি. |
||
| 600 |
_aJinnah, Mahomed Ali, _d1876-1948 |
||
| 650 | _aPartition of India (1947) | ||
| 650 | _aPolitics and government | ||
| 650 | _aPakistan movement | ||
| 942 |
_2ddc _cBK |
||